000 01204nam a2200313 i 4500
003 EG-GICUC
005 20260408132527.0
008 260408s2001 ua o|fr|||| 00| 0 ara d
017 _a2001/17712
040 _a EG-GICUC
_bara
_c EG-GICUC
_d EG-GICUC
_erda
082 0 4 _221
_a341.63
_bب ه . ا
092 0 4 _221
099 _aLaw1 11 341.63 ب ه . ا 2001
100 0 _aبهيج نصار
_eمؤلف.
245 1 0 _aأخطر من القنبلة النووية أسلحة الفضاء الإسرائيلية تهديد للأمة العربية /
_cبهيج نصار.
264 1 _aالقاهرة:
_bالرابطة الأمريكية الإسرائيلية ،
_c2001.
300 _a158 صفحة،
_c20سم.
336 _2rda content
_atext
337 _2rda media
_aComputer
338 _2rda carrier
_aOnline Resource
490 _aالأهالي
_vكتاب رقم 71
546 _aالنص باللغة العربية
590 _aإهداء مكتبة الأستاذ الدكتور صلاح عامر
650 1 4 _aالقانون الدولى العام
_2
651 1 _2
856 4 0 _uhttps://fll.law.cu.edu.eg/fulltext/bks/B11-09848.pdf
905 _a48
942 _2ddc
_cBK
_e21
_n0
999 _c69719
_d69719